Miraculous saints & yogis/ (Record no. 157131)

MARC details
000 -LEADER
fixed length control field 00647nam a22002177a 4500
003 - CONTROL NUMBER IDENTIFIER
control field dpl
005 - DATE AND TIME OF LATEST TRANSACTION
control field 20180910130327.0
008 - FIXED-LENGTH DATA ELEMENTS--GENERAL INFORMATION
fixed length control field 180907b xxu||||| |||| 00| 0 eng d
010 ## - LIBRARY OF CONGRESS CONTROL NUMBER
LC control number B-162050
020 ## - INTERNATIONAL STANDARD BOOK NUMBER
International Standard Book Number 8188043079
Terms of availability 150.00
035 ## - SYSTEM CONTROL NUMBER
System control number B-162050
040 ## - CATALOGING SOURCE
Original cataloging agency DPL
Language of cataloging EN
Transcribing agency 0
082 ## - DEWEY DECIMAL CLASSIFICATION NUMBER
Classification number 181.4
Item number MAN
100 ## - MAIN ENTRY--PERSONAL NAME
Personal name Mangla, Dharam Vir
245 ## - TITLE STATEMENT
Title Miraculous saints & yogis/
Statement of responsibility, etc by Dharam vir mangla
260 ## - PUBLICATION, DISTRIBUTION, ETC. (IMPRINT)
Place of publication, distribution, etc Delhi
Name of publisher, distributor, etc Winsome Books India
Date of publication, distribution, etc 2004
270 ## - ADDRESS
Address 209, F-17, Harsha Complex, Subhash Chowk, Laxmi Nagar
City Delhi
Postal code 110092
300 ## - PHYSICAL DESCRIPTION
Extent 119 p.;
Dimensions 18 cm.
700 ## - ADDED ENTRY--PERSONAL NAME
Personal name Gupta, Raju
942 ## - ADDED ENTRY ELEMENTS (KOHA)
Source of classification or shelving scheme Dewey Decimal Classification
Koha item type English Books
Classification part 181.4
Call number suffix MAN
Holdings
Withdrawn status Lost status Source of classification or shelving scheme Damaged status Not for loan Home library Current library Date acquired Source of acquisition Cost, normal purchase price Total Checkouts Full call number Barcode Date last seen Cost, replacement price Price effective from Koha item type
    Dewey Decimal Classification     Patel Nagar Patel Nagar 07/09/2018 BPPD/PUB 150.00   181 MAN B-162050 07/09/2018 150.00 07/09/2018 English Books

© Delhi Public Library
Hit Counter
free hit counter